000 01307cam a22003015a 4500
001 13274633
005 20201128024331.0
008 030714t2005 maua frb 001 0 eng d
020 _a0618213759
020 _a9780618213757
040 _aDLC
_cDLC
_dDLC
_dEG-ScBUE
_beng
082 0 4 _222
_a658.1511
_bBAR
100 1 _aBarsky, Noah P.
245 1 0 _aManagement accounting :
_ba business planning approach /
_cNoah P. Barsky, Anthony H. Catanach.
260 _aBoston :
_bHoughton Mifflin Co.,
_cc.2005.
300 _axxvi, 390 p. :
_bill. ;
_c27 cm.
500 _a"Student website: ... (http://accounting.college.hmco.com/students) features ACE quizzes, flashcards, and additional case information"--Cover p. [4].
504 _aIncludes bibliographical references and index.
650 7 _aManagerial accounting.
_2BUEsh
_91343
650 7 _aBusiness planning.
_2BUEsh
_93321
651 _2BUEsh
653 _bBUSADM
_cApril2018
700 1 _aCatanach, Anthony H.
856 4 2 _3Contributor biographical information
_uhttp://www.loc.gov/catdir/enhancements/fy1302/2003109846-b.html
856 4 2 _3Publisher description
_uhttp://www.loc.gov/catdir/enhancements/fy1302/2003109846-d.html
856 4 1 _3Table of contents only
_uhttp://www.loc.gov/catdir/enhancements/fy1302/2003109846-t.html
942 _2ddc
999 _c26611
_d26583